[Event "Dubna-ch"]
[Site "Dubna"]
[Date "2009.02.22"]
[Round "9"]
[White "Kudrin, Vladimir1111"]
[Black "Stepanov, Anatoly"]
[Result "0-1"]
[WhiteElo "1901"]
[BlackElo "1785"]
[PlyCount "48"]
[EventDate "2009.02.16"]
[EventType "tourn"]
[EventRounds "11"]
[EventCountry "RUS"]
[SourceTitle "EXT 2012"]
[Source "ChessBase"]
[SourceDate "2011.11.24"]
[SourceVersion "1"]
[SourceVersionDate "2011.11.24"]
[SourceQuality "1"]

1. Nf3 d5 2. c4 e6 3. e3 Nf6 4. d4 Nbd7 5. Bd2 c6 6. b3 Bd6 7. c5 Bc7 8. a4 Ne4 9. Be2 f5 10. 0-0 0-0 11. g3 e5 12. Be1 exd4 13. exd4 Qf6 14. b4 a6 15. Ra3 g5 16. Kg2 Qh6 17. h4 g4 18. Nh2 Qg7 19. f3 gxf3+ 20. Raxf3 Ndf6 21. Rxf5 Bxf5 22. Rxf5 Bxg3 23. Ng4 Bxe1 24. Qxe1 Nxg4 0-1

[Event "Dubna-ch"]
[Site "Dubna"]
[Date "2009.02.20"]
[Round "5"]
[White "Stepanov, Anatoly"]
[Black "Popov, Alexander"]
[Result "1/2-1/2"]
[WhiteElo "1785"]
[BlackElo "2181"]
[PlyCount "96"]
[EventDate "2009.02.16"]
[EventType "tourn"]
[EventRounds "11"]
[EventCountry "RUS"]
[SourceTitle "EXT 2012"]
[Source "ChessBase"]
[SourceDate "2011.11.24"]
[SourceVersion "1"]
[SourceVersionDate "2011.11.24"]
[SourceQuality "1"]

1. d4 d5 2. Nf3 f5 3. g3 e6 4. Bg2 Be7 5. 0-0 c6 6. b3 Nf6 7. Bb2 0-0 8. c4 Ne4 9. Nfd2 g5 10. Nxe4 dxe4 11. f3 e3 12. f4 gxf4 13. gxf4 Bf6 14. Qd3 c5 15. Qxe3 Bxd4 16. Bxd4 cxd4 17. Qd3 Qf6 18. Nd2 Nc6 19. Nf3 Rd8 20. a3 a5 21. Kh1 Kh8 22. Rg1 e5 23. Nxe5 Nxe5 24. fxe5 Qxe5 25. Rad1 Ra6 26. Bf3 Rg6 27. Rxg6 hxg6 28. e3 b6 29. exd4 Qd6 30. Qd2 Rd7 31. b4 axb4 32. axb4 Rh7 33. c5 bxc5 34. bxc5 Qc7 35. Qg2 g5 36. Qf2 g4 37. Bxg4 Bb7+ 38. Kg1 Rg7 39. Qxf5 Bc8 40. Qf8+ Kh7 41. h3 Bxg4 42. hxg4 Qg3+ 43. Kf1 Qxg4 44. Ke1 Qe4+ 45. Kf1 Qh1+ 46. Ke2 Rg2+ 47. Ke3 Qxd1 48. Qf5+ Rg6 1/2-1/2

[Event "Dubna-ch"]
[Site "Dubna"]
[Date "2009.02.19"]
[Round "4"]
[White "Kourilov, Valentin"]
[Black "Stepanov, Anatoly"]
[Result "0-1"]
[WhiteElo "1870"]
[BlackElo "1785"]
[PlyCount "98"]
[EventDate "2009.02.16"]
[EventType "tourn"]
[EventRounds "11"]
[EventCountry "RUS"]
[SourceTitle "EXT 2012"]
[Source "ChessBase"]
[SourceDate "2011.11.24"]
[SourceVersion "1"]
[SourceVersionDate "2011.11.24"]
[SourceQuality "1"]

1. d4 d5 2. c4 e6 3. Nf3 Nf6 4. e3 Nbd7 5. Bd3 c6 6. Nbd2 Bd6 7. e4 dxe4 8. Nxe4 Nxe4 9. Bxe4 Bb4+ 10. Bd2 Bxd2+ 11. Qxd2 0-0 12. 0-0 Nf6 13. Bc2 Qc7 14. Rad1 b6 15. Qg5 h6 16. Qh4 Bb7 17. Ne5 c5 18. Rfe1 cxd4 19. Rxd4 Rad8 20. Rxd8 Rxd8 21. b3 Rd2 22. Bd3 Qd6 23. Qg3 Ne4 24. Bxe4 Bxe4 25. Qf4 Bg6 26. Nxg6 fxg6 27. Qxd6 Rxd6 28. g3 Kf7 29. Re2 g5 30. g4 Rd4 31. Kg2 Rxg4+ 32. Kf1 Rd4 33. Ke1 Kf6 34. Rd2 Ke5 35. Ke2 Rxd2+ 36. Kxd2 Kd4 37. f3 e5 38. a3 h5 39. h3 g4 40. fxg4 hxg4 41. hxg4 g5 42. Ke2 a5 43. a4 e4 44. Kd2 e3+ 45. Ke2 Ke4 46. Kd1 Kd3 47. Ke1 e2 48. b4 axb4 49. a5 bxa5 0-1

[Event "Dubna-ch"]
[Site "Dubna"]
[Date "2009.02.17"]
[Round "2"]
[White "Sarkhadov, Ibrakhim"]
[Black "Stepanov, Anatoly"]
[Result "1-0"]
[WhiteElo "1849"]
[BlackElo "1785"]
[PlyCount "97"]
[EventDate "2009.02.16"]
[EventType "tourn"]
[EventRounds "11"]
[EventCountry "RUS"]
[SourceTitle "EXT 2012"]
[Source "ChessBase"]
[SourceDate "2011.11.24"]
[SourceVersion "1"]
[SourceVersionDate "2011.11.24"]
[SourceQuality "1"]

1. e4 c6 2. Nc3 d5 3. d4 dxe4 4. Nxe4 Bf5 5. Ng3 Bg6 6. h4 h6 7. Nf3 Nd7 8. h5 Bh7 9. Bd3 Bxd3 10. Qxd3 Ngf6 11. Bf4 Nd5 12. Bd2 e6 13. c4 N5f6 14. 0-0 Qc7 15. c5 Be7 16. Nh2 0-0 17. f4 b6 18. b4 Rfd8 19. Qe2 bxc5 20. dxc5 a5 21. a3 Ra7 22. Rad1 axb4 23. axb4 Re8 24. Nf3 Raa8 25. Ne5 Nd5 26. Rde1 N7f6 27. Ne4 Nxe4 28. Qxe4 Bf6 29. g4 Ra3 30. g5 Bxe5 31. fxe5 hxg5 32. Rf3 Rxf3 33. Qxf3 Qe7 34. Qe4 Ra8 35. Qg4 Nf4 36. Bxf4 gxf4 37. Qxf4 Ra2 38. Rd1 f6 39. exf6 Qxf6 40. Qxf6 gxf6 41. Rd6 Rb2 42. Rxe6 Kf7 43. Rxc6 Rxb4 44. h6 Kg6 45. Kf2 Rc4 46. Ke3 Kxh6 47. Rxf6+ Kg5 48. Rc6 Kf5 49. Kd3 1-0